Statistics for Skillet - Saviors Of The World (All Lyrics)

Click here to take the quiz!

General Stats

  • This quiz has been taken 15 times
  • The average score is 212 of 214

Answer Stats

% Correct
Again
100%
An
100%
And
100%
Anymore
100%
Apocalypse
100%
Are
100%
Be
100%
Black
100%
Blood
100%
Bow
100%
Burn
100%
But
100%
Can
100%
Cities
100%
Cold
100%
Come
100%
Conform
100%
Conquerors
100%
Control
100%
Crashes
100%
Dead
100%
Down
100%
Dreams
100%
End
100%
Filled
100%
Find
100%
Fist
100%
Hearts
100%
I
100%
If
100%
Iron
100%
Is
100%
Kings
100%
Knew
100%
Live
100%
Love
100%
No
100%
Not
100%
Of
100%
On
100%
Once
100%
Ourselves
100%
Red
100%
Riches
100%
Ruled
100%
Saviors
100%
Streets
100%
That
100%
The
100%
They
100%
This
100%
To
100%
Us
100%
We
100%
Will
100%
With
100%
Won’t
100%
World
100%
You
100%
Breathing
89%
Could
89%
Done
89%
Dust
89%
Hope
89%
It’s
89%
Lost
89%
Paradise
89%
Powerless
89%
Rust
89%
We’ve
89%
What
89%
Wonder
89%
Burnt
78%

Score Distribution

Percentile by Number Answered

Percent of People with Each Score

Your Score History

You have not taken this quiz